| 000 | 00613nam a2200181Ia 4500 | ||
|---|---|---|---|
| 008 | 100921s9999 xx 000 0 und d | ||
| 082 |
_b40021 _a891.463 न 05 |
||
| 100 | _aनाईक गुरूनाथ. | ||
| 245 | _aलंकाधीश. | ||
| 260 |
_bपार्टनर प्रकाशन, मुंबई. _c2005 |
||
| 300 |
_a198 _bजयेश एजन्सी,पुणे. |
||
| 365 | _b175 | ||
| 520 | _aललित-कादंबरी. | ||
| 630 | _aलंकाधीश. | ||
| 650 | _aललित-कादंबरी. | ||
| 730 | _aलंकाधीश. | ||
| 942 | _cBOOK | ||
| 999 |
_c789134 _d789131 |
||